| 000 | 005250000a22001690004500 | ||
|---|---|---|---|
| 003 | MACL | ||
| 005 | 20160221122554.0 | ||
| 008 | 160221b xxu||||| |||| 00| 0 eng d | ||
| 040 |
_aMACL _cMACL |
||
| 041 | _aHindi | ||
| 082 | _a370 | ||
| 100 |
_aमहात्मा भगवानदीन _939393 |
||
| 245 | _aबोलती घटनाऍ | ||
| 260 |
_bअखिल भारत सर्व सेवा संघ प्रकाशन _aकाशी |
||
| 650 |
_aEducation _939394 |
||
| 942 |
_cHIN _k370 _2ddc |
||
| 999 |
_c25085 _d25085 |
||